LIBRARY & INFORMATION CENTRE, KCAET, TAVANUR

ONLINE PUBLIC ACCESS CATALOGUE (OPAC)

Technology of food preservation / (Record no. 1528)

MARC details
000 -LEADER
fixed length control field 00375cam a2200145ua 4500
020 ## - INTERNATIONAL STANDARD BOOK NUMBER
ISBN 9788123911281
082 ## - DEWEY DECIMAL CLASSIFICATION NUMBER
Classification number 664.028
Item number DES/TE
100 ## - MAIN ENTRY--AUTHOR NAME
Personal name Desrosier, Norman, W.
245 ## - TITLE STATEMENT
Title Technology of food preservation /
250 ## - EDITION STATEMENT
Edition statement 4 /
260 ## - PUBLICATION, DISTRIBUTION, ETC. (IMPRINT)
Place of publication New Delhi
Name of publisher C B S Publishers & Distributers ,
Year of publication 2004.
300 ## - PHYSICAL DESCRIPTION
Number of Pages 558 ; .
700 1# - ADDED ENTRY--PERSONAL NAME
Personal name Desrosier, James N.
942 ## - ADDED ENTRY ELEMENTS (KOHA)
Koha item type Books
Holdings
Withdrawn status Lost status Damaged status Home library Current library Date acquired Full call number Accession Number Koha item type Collection code Shelving location Source of acquisition Cost, normal purchase price
      KAUAET KAUAET 07/04/2012 664.028 16536 Books        
      KAUAET KAUAET 07/04/2012 664.028 20805 Books        
      KAUAET KAUAET 07/04/2012 664.028 21324 Books        
      KAUAET KAUAET 07/04/2012 664.028 19866 Books        
      KAUAET KAUAET 31/03/2012 664.028 DES/TE 22873 Books Non-fiction General Stacks Penta Book Distributors, Calicut 295.00
free website counter